00000000nam##2200000za#4500
0019.648513
003CaOODSP
00520210615113132
007ta
008150407|2001||||xxc|||||     f|0| 0 eng|d
020 |a2-922084-46-9
040 |aCaOODSP|beng
043 |an-cn---
0861 |aE84-6/2001E
1101 |aCanada.|bInternational Centre for Human Rights and Democratic Development.
24510|aMission to Colombia to investigate the situation of indigenous peoples, May 27 - June 3, 2001 : |breport / |cby Eleanor Douglas.
260 |aMontreal - Quebec : |bInternational Centre for Human Rights and Democratic Development |c2001.
300 |a54p. : |billus., references ; |c28 cm.
563 |aSoftcover
590 |a02-16|b2002-04-19
69007|aIndigenous peoples|2gcpds
69007|aSocial surveys|2gcpds
7201 |aDouglas, Eleanor
77508|tMission d'enquête sur le sort des peuples autochtones en Colombie, 27 mai - 3 juin 2001 : |w(CaOODSP)9.681795
7760#|tMission to Colombia to investigate the situation of indigenous peoples, May 27-June 3, 2001 : |w(CaOODSP)9.696198